=LDR 00000nam 2200000 4500 =001 INLIS000000000023731 =005 20130612122350 =008 ***********************************Ind** =035 ##$$0010-061300000023731 =041 ##$$a Ind =082 ##$$a 657 =090 ##$$a 657, Sum a =100 ##$$a Soemarso S.R =245 ##$$a Revisi akuntansi, Suatu pengantar, Soemarso S.R =260 ##$$a 2005 $b Jakarta =300 ##$$a 474 hlm, 26 cm =650 ##$$a Akuntansi =850 ##$$a NBPNMAT